000 00533nam a2200193Ia 4500
005 20250923145434.0
008 008 250917s9999 xx 000 0 eng d
037 _aTextual
040 _aDSWL
_beng
_cDSWL
041 _aeng
_2eng
084 _aY:4x49G, N75
_qDSWL
245 0 _aSoviet scholars view south Asia
_c Ed.by Y.V.Gankovsky
260 _aLahore
_bPeople's Pub House
_c1975
300 _a106 p.
365 _aINR
_b18
925 _g18
942 _cTEXL
_hY:4x49G, N75
999 _c1451357
_d1451357